Minimálna mzda dominuje aj v Rakúsku

Otázka minimálnej mzdy v Rakúsku riešená kolektívnymi zmluvami. Minimálna mzda za prácu na plný pracovný úväzok vyššia ako na čiastočný. Prehľad minimálnej mzdy v jednotlivých oblastiach ekonomiky Rakúska. Zákonom stanovené minimálne mzdy v EÚ.

Salvato in:
Dettagli Bibliografici
Autore principale: Zverková, Soňa
Natura: Capitolo di libro
Lingua:slovacco
Soggetti:
Tags: Aggiungi Tag
Nessun Tag, puoi essere il primo ad aggiungerne!!

MARC

LEADER 00000naa$a2200000$$$4500
001 0027783
005 20231004125931.0
041 0 |a slo 
044 |a SK 
245 1 0 |a Minimálna mzda dominuje aj v Rakúsku  |c Soňa Zverková 
520 |a Otázka minimálnej mzdy v Rakúsku riešená kolektívnymi zmluvami. Minimálna mzda za prácu na plný pracovný úväzok vyššia ako na čiastočný. Prehľad minimálnej mzdy v jednotlivých oblastiach ekonomiky Rakúska. Zákonom stanovené minimálne mzdy v EÚ. 
610 2 0 |a mzdy 
610 2 0 |a mzdy minimálne 
610 2 0 |a sily pracovné 
610 2 0 |a zamestnanosť 
610 2 0 |a zamestnávatelia 
610 2 0 |a zamestnanci 
610 2 0 |a zmluvy kolektívne 
610 2 0 |a legislatíva 
610 2 0 |a ochrana pracovníkov 
610 2 0 |a Rakúsko 
610 2 0 |a Európska únia 
100 1 |a Zverková, Soňa